Vainqueurs du 6 nations 2026 XV de france - Statistiques

Statistiques générales
  • Ce quiz a été pris 58 fois
  • Le résultat moyen est 25 sur 34
Statistiques - réponses
Poste Club Match joué Joueur % Correct
Demi de mêlée Stade Toulousain 5 Antoine Dupont
98%
Demi d'Ouverture UBB 4 Matthieu Jalibert
91%
Talonneur Stade Toulousain 5 Julien Marchand
89%
Talonneur Stade Toulousain 4 Peato Mauvaka
89%
Arrière Stade Toulousain 5 Thomas Ramos
89%
Deuxième/Troisième Ligne RC Toulon 5 Charles Ollivon
87%
Pilier Gauche RC Toulon 5 Jean-Baptiste Gros
87%
Ailier UBB 5 Louis Bielle-Biarrey
85%
Troisième Ligne Stade Toulousain 4 Anthony Jelonch
83%
Deuxième Ligne LOU 5 Mickael Guillard
83%
Ailier Section Paloise 5 Théo Attissogbe
83%
Demi de mêlée RC Toulon 5 Baptiste Serin
80%
Deuxième Ligne Stade Toulousain 4 Thibaud Flament
80%
Centre UBB 3 Yoram Moefana
80%
Pilier Droit Stade Toulousain 5 Dorian Aldegheri
78%
Deuxième Ligne Stade Toulousain 5 Emmanuel Meafou
78%
Troisième Ligne Stade Toulousain 5 François Cros
78%
Centre Section Paloise 3 Emilien Gailleton
76%
Centre UBB 2 Nicolas Depoortere
76%
Troisième Ligne Stade Rochelais 4 Oscar Jegou
76%
Centre Stade Toulousain 3 Pierre-Louis Barassi
74%
Pilier Droit ASM Clermont 2 Régis Montagne
74%
Talonneur UBB 1 Maxime Lamothe
72%
Deuxième Ligne Section Paloise 2 Hugo Auradou
67%
Pilier Droit Racing 92 2 Demba Bamba
65%
Centre Section Paloise 2 Fabien Brau-Boirie
65%
Ailier RC Toulon 1 Gaël Dréan
63%
Centre Stade Toulousain 1 Kalvin Gourgues
59%
Troisième Ligne Montpellier HR 4 Lenni Nouchi
59%
Pilier Gauche Stade Toulousain 5 Rodrigue Neti
59%
Pilier Droit Stade Toulousain 1 Georges-Henri Colombe
54%
Deuxième/Troisième Ligne Stade Toulousain 1 Joshua Brennan
54%
Troisième Ligne UBB 1 Temo Matiu
54%
Centre Stade Français 1 Noah Néné
52%
Aucun quiz correspondant
Distribution des résultats
% des personnes avec chaque résultat
Percentile par nombre de réponses
Votre historique - résultats
Vous n’avez pas pris ce quiz